Plac, park czy rondo - Kraków - Statystyki

Ogólne statystyki
  • Ten quiz został rozwiązany 69 razy
  • Średni wynik to 9 z 12
Statystyki odpowiedzi
Zagadnienie Odpowiedź % Poprawnych
... Centralny im. Ronalda Regana Plac
94%
... Hipokratesa Rondo
94%
... Ofiar Katynia Rondo
94%
... Imbramowski Plac
92%
... Szczepański Plac
92%
... Krakowski im. Marka Grechuty Park
90%
... Polsadu Rondo
90%
... Lotników Polskich Park
86%
... Maćka i Doroty Park
78%
... Reduta Park
60%
... Teodora Axentowicza Plac
46%
... Piekarza Ochwata Rondo
28%
Nie znaleziono quizów pasujących do podanych kryteriów
Rozkład punktacji
Procent ludzi z każdym wynikiem
Percentyl według liczby udzielonych odpowiedzi
Twoja historia wyników
Nie rozwiązałeś tego quizu